| 000 | 01033nam0a22002771 4500 | ||
|---|---|---|---|
| 001 | rc\3454736 | ||
| 005 | 20260405225853.0 | ||
| 021 |
_aRU _b[73-32067] |
||
| 035 | _a(NLR Aleph) 007893312 | ||
| 090 |
_a7991822 _c7991822 |
||
| 100 | _a20130115d1973 u y0rusy50 ca | ||
| 101 | 0 | _arus | |
| 102 | _aRU | ||
| 105 | _ay z ||||| | ||
| 200 | 1 |
_aСовершенствование системы оплаты труда в бригадах на уборке соленой сельди _e(Опыт Охот. рыбопром. треста) |
|
| 210 |
_aМосква _cПищевая пром-сть _d1973 |
||
| 215 |
_a31 с. _d20 |
||
| 225 | 1 | _aОбмен передовым опытом | |
| 606 |
_aСельди _xЗасол _xЗаработная плата _2psbo |
||
| 700 | 1 |
_7ca _8rus _aОсипов _bС. Л. _cд-р экон. наук _gСтепан Лукич _986825 _3RU\NLR\AUTH\77103900 |
|
| 801 | 0 |
_aRU _bNLR _gpsbo |
|
| 801 | 1 |
_aRU _bELAR _2rusmarc |
|
| 852 |
_aNLR _j73-4/10992 |
||
| 942 | _cBOOK | ||
| 980 | _aNB | ||